LEADER 01172nam0-2200337---450- 001 990009993640403321 005 20160803095211.0 035 $a000999364 035 $aFED01000999364 035 $a(Aleph)000999364FED01 035 $a000999364 100 $a20150909g18501858km-y0itay50------ba 101 0 $afre 102 $aFR 105 $af-------001yy 200 1 $aTraité d'architecture$econtenant des notions générales sur les principes de la construction et sur l'histoire de l'art$fpar Léonce Reynaud 210 $aParis$cCarilian-Goeury et V. Dalmont$d1850-1858 215 $av.$d30 cm$d50x33 cm 305 $aL'edizione del 1858 edita da Victor Dalmont 327 1 $a1.: Premièr partie: Eléments des édifices$a2.: Planches$a3.: Deuxème partie: Edifices$a4.:Planches 700 1$aReynaud,$bLéonce$0332808 801 0$aIT$bUNINA$gRICA$2UNIMARC 901 $aBK 912 $a990009993640403321 952 $aRARI C 246/1.1$b6925$fFARBC 952 $aRARI C 246/1.2$b6925$fFARBC 952 $aRARI C 246/2.1$b6925$fFARBC 952 $aRARI C 246/2.2$b6925$fFARBC 959 $aFARBC 996 $aTraité d'architecture$91495840 997 $aUNINA LEADER 01011nam0 2200265 i 450 001 VAN0062987 005 20140623052907.882 100 $a20080220d1993 |0itac50 ba 101 $aeng 102 $aGB 105 $a|||| ||||| 200 1 $aˆAn ‰exhibition of master drawings$fpresented by Jean-Luc Baroni 205 $aNew York$gLondon : Colnaghi, 1993 210 $d1 v. : ill. ; 30 cm 215 $aPublished to accompany an exhibition in New York and London 1993. 620 $aGB$dLondon$3VANL000015 676 $a741.9$v21 702 1$aBaroni$bJean-Luc$3VANV022728 712 $aColnaghi$3VANV108961$4650 801 $aIT$bSOL$c20230616$gRICA 899 $aBIBLIOTECA DEL DIPARTIMENTO DI LETTERE E BENI CULTURALI$1IT-CE0103$2VAN07 912 $aVAN0062987 950 $aBIBLIOTECA DEL DIPARTIMENTO DI LETTERE E BENI CULTURALI$d07CONS Cb New York 1993/I $e07 70241 20080220 996 $aExhibition of master drawings$9768511 997 $aUNICAMPANIA